Примеры расчета системы несовершенных гибких неоднородных пластин и пологих оболочек, с разрывными параметрами из материала чувствительного к виду напряженного состояния при действии радиации, температуры и силовой нагрузки; Инновационные технологии и экономика в машиностроении

Podrobná bibliografie
Parent link:Инновационные технологии и экономика в машиностроении.— 2013.— [С. 291-296]
Hlavní autor: Попов О. Н. Олег Николаевич
Další autoři: Моисеенко М. О., Трепутнева Т. А.
Shrnutí:Заглавие с титульного листа.
Jazyk:ruština
Vydáno: 2013
Edice:Инновационные технологии получения и обработки материалов в машиностроении
Témata:
On-line přístup:http://www.lib.tpu.ru/fulltext/c/2013/C30/077.pdf
Médium: MixedMaterials Elektronický zdroj Kapitola
KOHA link:https://koha.lib.tpu.ru/cgi-bin/koha/opac-detail.pl?biblionumber=605934

MARC

LEADER 00000naa2a2200000 4500
001 605934
005 20231101132358.0
035 |a (RuTPU)RU\TPU\conf\3296 
035 |a RU\TPU\conf\3295 
090 |a 605934 
100 |a 20140507d2013 k y0rusy50 ca 
101 0 |a rus 
102 |a RU 
105 |a a z 100zy 
135 |a drcn ---uucaa 
181 0 |a i  
182 0 |a b 
200 1 |a Примеры расчета системы несовершенных гибких неоднородных пластин и пологих оболочек, с разрывными параметрами из материала чувствительного к виду напряженного состояния при действии радиации, температуры и силовой нагрузки  |f О. Н. Попов, М. О. Моисеенко, Т. А. Трепутнева 
203 |a Текст  |c электронный 
215 |a 1 файл (392 Кб) 
225 1 |a Инновационные технологии получения и обработки материалов в машиностроении 
230 |a Электронные текстовые данные (1 файл : 392 Кб) 
300 |a Заглавие с титульного листа. 
320 |a [Библиогр.: с. 296 (8 назв.)] 
337 |a Adobe Reader 
463 1 |0 (RuTPU)RU\TPU\conf\2692  |t Инновационные технологии и экономика в машиностроении  |o сборник трудов IV Международной научно-практической конференции с элементами научной школы для молодых ученых, 23-25 мая 2013 г., Юрга  |f Национальный исследовательский Томский политехнический университет (ТПУ), Юргинский технологический институт (ЮТИ) ; под ред. Д. А. Чинахова  |v [С. 291-296]  |d 2013 
610 1 |a труды учёных ТПУ 
610 1 |a электронный ресурс 
610 1 |a расчет 
610 1 |a пластины 
610 1 |a пологие оболочки 
610 1 |a параметры 
610 1 |a напряженное состояние 
610 1 |a радиация 
610 1 |a температура 
610 1 |a силовые параметры 
700 1 |a Попов  |b О. Н.  |c российский учёный в области механики и инженерной графики  |c доцент Юргинского технологического института (филиал) Томского политехнического университета  |g Олег Николаевич  |2 stltpush  |3 (RuTPU)RU\TPU\pers\25104 
701 1 |a Моисеенко  |b М. О. 
701 1 |a Трепутнева  |b Т. А. 
801 2 |a RU  |b 63413507  |c 20200113  |g RCR 
856 4 |u http://www.lib.tpu.ru/fulltext/c/2013/C30/077.pdf 
942 |c BK